000 00350nam a22001457a 4500
008 210429b ||||| |||| 00| 0 eng d
020 _a9781118582558
041 _aeng
080 _29th
_a330.722.6
082 _a330.722.6
100 _a61
101 _aKF
245 _aFinancial Accounting in an Economic Context
_cJamie Pratt
942 _2udc
_cBK
999 _c56981
_d56981